000 00299cam a2200109ua 4500
082 _a335.43
_bGOP/VY
100 _aGopi, Indianoor .
_91783
245 _aVyakthiyum Communisavum /
260 _aKottayam :
_bPrabhatham Printing and Publishing Co. Pvt. Ltd. ,
_c1967.
300 _a124 ; .
942 _cBK
999 _c4506
_d4506